[Event "AUT-chT 2324"]
[Site "Austria"]
[Date "2024.03.23"]
[Round "10.5"]
[White "Vallejo Pons, Francisco"]
[Black "Mesaros, Florian"]
[Result "1-0"]
[WhiteElo "2653"]
[BlackElo "2414"]
[PlyCount "139"]
[EventDate "2023.11.22"]
[EventType "team-tourn"]
[EventRounds "11"]
[EventCountry "AUT"]
[SourceTitle "CB13_2024"]
[SourceDate "2024.03.27"]
[SourceVersion "1"]
[SourceVersionDate "2024.03.27"]
[SourceQuality "1"]
[WhiteTeam "Linz"]
[BlackTeam "Fuerstenfeld/Hartberg"]
[WhiteTeamCountry "AUT"]
[BlackTeamCountry "AUT"]

1. e4 e5 2. Nf3 Nc6 3. Bb5 a6 4. Ba4 Nf6 5. d3 d6 6. c3 g6 7. 0-0 Bg7 8. Re1 0-0 9. h3 b5 10. Bc2 d5 11. Nbd2 Re8 12. a4 b4 13. a5 Rb8 14. Ba4 Bd7 15. Nb3 bxc3 16. bxc3 Na7 17. Nc5 Bxa4 18. Qxa4 Qd6 19. Be3 Rb5 20. Nxa6 Qxa6 21. Bxa7 dxe4 22. dxe4 Ra8 23. c4 Rb7 24. Bc5 Bf8 25. Bxf8 Kxf8 26. Nxe5 Qd6 27. Nxg6+ hxg6 28. e5 Qe6 29. exf6 Qxf6 30. Ra3 Qd6 31. Rae3 Ra6 32. Qe8+ Kg7 33. Re7 Qf4 34. Rxf7+ Qxf7 35. Re7 Qxe7 36. Qxe7+ Kg8 37. Qd8+ Kg7 38. Qd7+ Kh6 39. f4 Rba7 40. g4 g5 41. f5 Rxa5 42. Qe6+ Kh7 43. Qg6+ Kh8 44. f6 c6 45. Qe8+ Kh7 46. f7 Ra1+ 47. Kf2 R7a2+ 48. Ke3 Ra8 49. Kd4 Rd1+ 50. Kc5 Rdd8 51. Qe7 Kg6 52. h4 Rf8 53. h5+ Kg7 54. Qxg5+ Kxf7 55. Qg6+ Ke7 56. Qd6+ Kf7 57. Qg6+ Ke7 58. h6 Rg8 59. Qe4+ Kf7 60. Qf5+ Ke7 61. h7 Rh8 62. Qg6 Ra5+ 63. Kb4 Raa8 64. g5 Raf8 65. Qg7+ Kd6 66. Qd4+ Ke6 67. g6 c5+ 68. Kxc5 Rb8 69. Qxh8 Rxh8 70. g7 1-0

[Event "AUT-chT 2324"]
[Site "Austria"]
[Date "2024.03.21"]
[Round "8.5"]
[White "Vallejo Pons, Francisco"]
[Black "Tabernig, Bernhard"]
[Result "1-0"]
[WhiteElo "2653"]
[BlackElo "2277"]
[PlyCount "59"]
[EventDate "2023.11.22"]
[EventType "team-tourn"]
[EventRounds "11"]
[EventCountry "AUT"]
[SourceTitle "CB13_2024"]
[SourceDate "2024.03.27"]
[SourceVersion "1"]
[SourceVersionDate "2024.03.27"]
[SourceQuality "1"]
[WhiteTeam "Linz"]
[BlackTeam "Mayrhofen/Zell/Zillertal"]
[WhiteTeamCountry "AUT"]
[BlackTeamCountry "AUT"]

1. e4 e6 2. b3 c5 3. Bb2 b6 4. Nc3 Bb7 5. d4 cxd4 6. Qxd4 Nc6 7. Qe3 Nf6 8. 0-0-0 Qb8 9. Nh3 h6 10. f4 Bc5 11. Qg3 g5 12. Nb5 Nxe4 13. Qe1 d5 14. Bxh8 g4 15. Nc3 Nxc3 16. Bxc3 gxh3 17. g3 d4 18. Bb2 Nb4 19. a3 Na2+ 20. Kb1 Bxh1 21. Bb5+ Kf8 22. Qxh1 Nc3+ 23. Bxc3 dxc3 24. Bc6 Qc8 25. Bxa8 Qa6 26. Qf3 Qa5 27. a4 Qb4 28. Qd3 Be7 29. Qc4 Qa5 30. Qb5 1-0

[Event "Moscow Chess Stars 3.0 Blitz"]
[Site "Moscow"]
[Date "2023.12.19"]
[Round "12"]
[White "Sadhwani, Raunak"]
[Black "Vallejo Pons, Francisco"]
[Result "1-0"]
[WhiteElo "2654"]
[BlackElo "2667"]
[PlyCount "117"]
[EventDate "2023.12.18"]
[EventType "tourn (blitz)"]
[EventRounds "18"]
[EventCountry "RUS"]
[EventCategory "17"]
[SourceTitle "CB52_2023"]
[SourceDate "2023.12.27"]
[SourceVersion "1"]
[SourceVersionDate "2023.12.27"]
[SourceQuality "1"]

1. c4 e6 2. Nc3 c5 3. Nf3 Nf6 4. g3 b6 5. Bg2 Bb7 6. 0-0 Be7 7. d4 cxd4 8. Qxd4 d6 9. b3 0-0 10. Bb2 a6 11. Rfd1 Nbd7 12. e4 Qc7 13. Qe3 Rfe8 14. Rac1 h6 15. h3 Rac8 16. Nd4 Qb8 17. f4 Bf8 18. Kh2 Rcd8 19. Nde2 Rc8 20. g4 b5 21. cxb5 axb5 22. Ng3 b4 23. Na4 Rxc1 24. Rxc1 Rc8 25. Nb6 Qa7 26. Rxc8 Bxc8 27. Nc4 Qxa2 28. g5 hxg5 29. fxg5 Ne8 30. Bd4 Ba6 31. Nd2 Qc2 32. h4 Ne5 33. Kh3 Qd3 34. Qxd3 Nxd3 35. Bf1 Nf4+ 36. Kg4 Bxf1 37. Ngxf1 Nd3 38. Ne3 Nc7 39. Kf3 Nb5 40. Ba1 g6 41. Nc2 Bg7 42. Bxg7 Kxg7 43. Ke3 Nc5 44. Nxb4 f6 45. Nd3 fxg5 46. hxg5 Kf7 47. Nxc5 dxc5 48. Kd3 Nd6 49. Nc4 Ke7 50. Ne5 Nb5 51. Nxg6+ Kd6 52. Kc4 Kc6 53. Ne5+ Kb6 54. Nd7+ Kc6 55. Nxc5 Nd6+ 56. Kb4 Nf7 57. g6 Nh6 58. Nxe6 Kd6 59. Ng5 1-0

[Event "Moscow Chess Stars 3.0 Blitz"]
[Site "Moscow"]
[Date "2023.12.19"]
[Round "11"]
[White "Vallejo Pons, Francisco"]
[Black "Radjabov, Teimour"]
[Result "0-1"]
[WhiteElo "2667"]
[BlackElo "2723"]
[PlyCount "124"]
[EventDate "2023.12.18"]
[EventType "tourn (blitz)"]
[EventRounds "18"]
[EventCountry "RUS"]
[EventCategory "17"]
[SourceTitle "CB52_2023"]
[SourceDate "2023.12.27"]
[SourceVersion "1"]
[SourceVersionDate "2023.12.27"]
[SourceQuality "1"]

1. e4 e5 2. Nf3 Nf6 3. Nc3 Nc6 4. h3 Bb4 5. a3 Bxc3 6. dxc3 h6 7. Bd3 0-0 8. c4 d6 9. Nd2 a5 10. b3 Nd7 11. Nf1 Nc5 12. g4 Nd4 13. Ng3 Qf6 14. Be3 Bd7 15. 0-0 Nce6 16. Nf5 Nf4 17. Kh2 g6 18. Nxd4 exd4 19. Bxf4 Qxf4+ 20. Kg2 Rae8 21. Qc1 Qxc1 22. Raxc1 c5 23. a4 Kg7 24. Rce1 h5 25. Kg3 Rh8 26. f3 f6 27. Re2 Re5 28. Rh2 Bc6 29. Rg1 b6 30. Kf2 hxg4 31. Rxg4 Bd7 32. Rg3 Rh4 33. Rh1 g5 34. Rh2 Kf7 35. Rg4 Rh6 36. Kg3 Re8 37. Bf1 Reh8 38. Rf2 Ke7 39. Bg2 Be6 40. Re2 Kd7 41. Re1 Kd8 42. Re2 Ke7 43. Re1 Kf7 44. Re2 Rh5 45. Re1 Re8 46. Rf1 Rhh8 47. Kh2 Bxg4 48. fxg4 Re5 49. Kg3 Rhe8 50. Rf2 Kg6 51. Re2 d5 52. cxd5 Rxd5 53. Bf3 d3 54. Rf2 dxc2 55. Rxc2 Rd3 56. Kf2 Rxb3 57. Rd2 Kf7 58. e5 Rxe5 59. Bd5+ Rxd5 60. Rxd5 Rxh3 61. Rd6 Rb3 62. Rc6 Rb4 0-1

[Event "Moscow Chess Stars 3.0 Blitz"]
[Site "Moscow"]
[Date "2023.12.18"]
[Round "1"]
[White "Karjakin, Sergey"]
[Black "Vallejo Pons, Francisco"]
[Result "1/2-1/2"]
[WhiteElo "2750"]
[BlackElo "2667"]
[PlyCount "58"]
[EventDate "2023.12.18"]
[EventType "tourn (blitz)"]
[EventRounds "18"]
[EventCountry "RUS"]
[EventCategory "17"]
[SourceTitle "CB51_2023"]
[SourceDate "2023.12.20"]
[SourceVersion "1"]
[SourceVersionDate "2023.12.20"]
[SourceQuality "1"]

1. b3 d5 2. Bb2 Bf5 3. g3 e6 4. Bg2 Nf6 5. Nf3 h6 6. 0-0 Be7 7. c4 c6 8. d3 0-0 9. Nbd2 Bh7 10. a3 a5 11. Ra2 Nbd7 12. Qa1 Re8 13. Ne5 Nxe5 14. Bxe5 Bd6 15. Bxf6 Qxf6 16. Qxf6 gxf6 17. Rc1 Kg7 18. Kf1 Bg6 19. f4 Rad8 20. Nf3 e5 21. fxe5 fxe5 22. cxd5 cxd5 23. Nh4 e4 24. dxe4 dxe4 25. Nxg6 fxg6 26. Rd1 b6 27. Rad2 Rf8+ 28. Ke1 Bxa3 29. Rd7+ Rxd7 1/2-1/2

[Event "Moscow Chess Stars 3.0 Blitz"]
[Site "Moscow"]
[Date "2023.12.18"]
[Round "3"]
[White "Vallejo Pons, Francisco"]
[Black "Sadhwani, Raunak"]
[Result "1/2-1/2"]
[WhiteElo "2667"]
[BlackElo "2654"]
[PlyCount "112"]
[EventDate "2023.12.18"]
[EventType "tourn (blitz)"]
[EventRounds "18"]
[EventCountry "RUS"]
[EventCategory "17"]
[SourceTitle "CB51_2023"]
[SourceDate "2023.12.20"]
[SourceVersion "1"]
[SourceVersionDate "2023.12.20"]
[SourceQuality "1"]

1. e4 c5 2. Nf3 e6 3. b3 b6 4. d4 cxd4 5. Nxd4 Bb7 6. Bd3 Nf6 7. Nd2 Nc6 8. Nxc6 Bxc6 9. Bb2 Qc7 10. Qe2 Be7 11. 0-0 0-0 12. c4 d6 13. Rfe1 Qb7 14. Nf3 e5 15. Nd2 Nd7 16. Nb1 Nc5 17. Nc3 Ne6 18. Bc1 Bg5 19. Bxg5 Nxg5 20. Qd2 Ne6 21. Bf1 Rad8 22. b4 Nd4 23. f3 f5 24. b5 Bd7 25. Ne2 Nxe2+ 26. Rxe2 Qc7 27. Qd5+ Kh8 28. exf5 Bxf5 29. Rd1 h6 30. Red2 Rf6 31. a4 Qe7 32. Re1 Rc8 33. Rdd1 Bg6 34. Qd2 Bf7 35. Re4 Qc7 36. Qb4 Bg6 37. Re3 Qe7 38. Rd2 Rc5 39. Re1 Qc7 40. Red1 Bf7 41. Qa3 Bxc4 42. Bxc4 Rxc4 43. Rxd6 Rxd6 44. Qxd6 Qxd6 45. Rxd6 Rxa4 46. Re6 e4 47. fxe4 Kg8 48. Re7 Kf8 49. Re5 Kf7 50. Kf2 Kf6 51. Rf5+ Ke6 52. Kf3 Rc4 53. Rf8 Rc5 54. Ra8 Rxb5 55. Rxa7 Kf6 56. Rb7 Rb2 1/2-1/2

[Event "Moscow Chess Stars 3.0 Rapid"]
[Site "Moscow"]
[Date "2023.12.16"]
[Round "9"]
[White "Vallejo Pons, Francisco"]
[Black "Goryachkina, Aleksandra"]
[Result "1/2-1/2"]
[WhiteElo "2667"]
[BlackElo "2553"]
[PlyCount "55"]
[EventDate "2023.12.14"]
[EventType "tourn (rapid)"]
[EventRounds "9"]
[EventCountry "RUS"]
[EventCategory "17"]
[SourceTitle "CB51_2023"]
[SourceDate "2023.12.20"]
[SourceVersion "1"]
[SourceVersionDate "2023.12.20"]
[SourceQuality "1"]

1. e4 e5 2. Nf3 Nf6 3. d3 Nc6 4. g3 Bc5 5. Bg2 d6 6. 0-0 h6 7. c3 a6 8. b4 Ba7 9. Nbd2 0-0 10. Bb2 d5 11. exd5 Nxd5 12. Qc2 Bf5 13. Rad1 Qd7 14. a3 Nde7 15. Nc4 Ng6 16. Ne3 Bh3 17. d4 Bxg2 18. Kxg2 exd4 19. cxd4 Nce7 20. d5 Bxe3 21. fxe3 Nf5 22. Rfe1 f6 23. e4 Nd6 24. h3 Rfe8 25. Nd4 Re7 26. Ne6 Nf8 27. Nc5 Qe8 28. Rd4 1/2-1/2

[Event "Moscow Chess Stars 3.0 Rapid"]
[Site "Moscow"]
[Date "2023.12.15"]
[Round "4"]
[White "Lagno, Kateryna"]
[Black "Vallejo Pons, Francisco"]
[Result "1/2-1/2"]
[WhiteElo "2542"]
[BlackElo "2667"]
[PlyCount "38"]
[EventDate "2023.12.14"]
[EventType "tourn (rapid)"]
[EventRounds "9"]
[EventCountry "RUS"]
[EventCategory "17"]
[SourceTitle "CB51_2023"]
[SourceDate "2023.12.20"]
[SourceVersion "1"]
[SourceVersionDate "2023.12.20"]
[SourceQuality "1"]

1. e4 c6 2. d4 d5 3. Nd2 dxe4 4. Nxe4 Nf6 5. Nxf6+ exf6 6. c3 Bd6 7. Bd3 0-0 8. Ne2 Re8 9. 0-0 Nd7 10. Ng3 Nf8 11. f4 c5 12. d5 g6 13. c4 f5 14. b3 Be7 15. Bb2 Bf6 16. Qc2 Bd7 17. Rfe1 Bxb2 18. Qxb2 Qh4 19. Qf2 b6 1/2-1/2

[Event "Moscow Chess Stars 3.0 Rapid"]
[Site "Moscow"]
[Date "2023.12.14"]
[Round "3"]
[White "Vallejo Pons, Francisco"]
[Black "Sadhwani, Raunak"]
[Result "1/2-1/2"]
[WhiteElo "2667"]
[BlackElo "2654"]
[PlyCount "61"]
[EventDate "2023.12.14"]
[EventType "tourn (rapid)"]
[EventRounds "9"]
[EventCountry "RUS"]
[EventCategory "17"]
[SourceTitle "CB51_2023"]
[SourceDate "2023.12.20"]
[SourceVersion "1"]
[SourceVersionDate "2023.12.20"]
[SourceQuality "1"]

1. e4 e5 2. Nf3 Nc6 3. Bb5 Nf6 4. 0-0 Nxe4 5. Re1 Nd6 6. Nxe5 Be7 7. Bf1 Nxe5 8. Rxe5 0-0 9. Nc3 Ne8 10. Nd5 Bd6 11. Re1 c6 12. Ne3 Be7 13. Nf5 Bg5 14. d4 Bxc1 15. Qxc1 d5 16. Ne7+ Kh8 17. Nxc8 Rxc8 18. c3 Nf6 19. Bd3 Qd6 20. Qd2 Rfe8 21. Rxe8+ Rxe8 22. Re1 Rxe1+ 23. Qxe1 Kg8 24. g3 g6 25. Kg2 h5 26. h4 Kf8 27. Qe3 Ng4 28. Qe2 Nf6 29. Qe3 Ng4 30. Qe2 Nf6 31. Qe3 1/2-1/2

[Event "Iberoamerican-ch Rapid"]
[Site "Sant Boi"]
[Date "2023.12.09"]
[Round "2"]
[White "Vallejo Pons, Francisco"]
[Black "Alcala Gonzalez, Cesar"]
[Result "0-1"]
[WhiteElo "2667"]
[BlackElo "2247"]
[PlyCount "74"]
[EventDate "2023.12.09"]
[EventType "swiss (rapid)"]
[EventRounds "9"]
[EventCountry "ESP"]
[SourceTitle "CB50_2023"]
[SourceDate "2023.12.13"]
[SourceVersion "1"]
[SourceVersionDate "2023.12.13"]
[SourceQuality "1"]

1. e4 c6 2. d4 d5 3. f3 e6 4. Nc3 Qb6 5. a3 Be7 6. f4 dxe4 7. Nxe4 Nf6 8. Nxf6+ Bxf6 9. Nf3 c5 10. dxc5 Qxc5 11. Bd3 b6 12. Qe2 Bb7 13. Be3 Qa5+ 14. c3 0-0 15. Ng5 Bxg5 16. fxg5 Nd7 17. 0-0-0 Ne5 18. Bc2 Ba6 19. Qh5 g6 20. Qh3 Nc4 21. Rd4 Rfd8 22. Rhd1 Rxd4 23. Rxd4 Rc8 24. Qf3 Qb5 25. b3 Nxa3 26. Qf6 Qf1+ 27. Qxf1 Bxf1 28. Bd1 Rxc3+ 29. Kd2 Nb1+ 30. Ke1 Rxe3+ 31. Kxf1 Nc3 32. Bf3 e5 33. Rd8+ Kg7 34. Kf2 Rxf3+ 35. Kxf3 Nb5 36. Ke4 Nd4 37. Kxe5 Nc6+ 0-1

[Event "AUT-chT 2324"]
[Site "Austria"]
[Date "2023.11.24"]
[Round "3.3"]
[White "Neyman, Igor"]
[Black "Vallejo Pons, Francisco"]
[Result "1/2-1/2"]
[WhiteElo "2328"]
[BlackElo "2668"]
[PlyCount "96"]
[EventDate "2023.11.22"]
[EventType "team-tourn"]
[EventRounds "11"]
[EventCountry "AUT"]
[SourceTitle "CB48_2023"]
[SourceDate "2023.11.29"]
[SourceVersion "1"]
[SourceVersionDate "2023.11.29"]
[SourceQuality "1"]
[WhiteTeam "Goetzis"]
[BlackTeam "Linz"]
[WhiteTeamCountry "AUT"]
[BlackTeamCountry "AUT"]

1. d4 Nf6 2. c4 e6 3. Nf3 b6 4. a3 Bb7 5. Nc3 g6 6. h3 Bg7 7. Bf4 0-0 8. e3 d5 9. Nb5 Ne8 10. Rc1 c6 11. Nc3 Nd7 12. cxd5 exd5 13. Be2 Rc8 14. 0-0 Nc7 15. b4 Ne6 16. Bd6 Re8 17. Qb3 b5 18. a4 a6 19. axb5 axb5 20. Ra1 Nb6 21. Bc5 Nc4 22. Ra7 Rc7 23. Rfa1 f5 24. Qc2 Rf7 25. Rd1 Qb8 26. Ra2 Bf6 27. Nd2 Bc8 28. Nxc4 bxc4 29. Bf1 Kg7 30. Rb2 Rb7 31. Ra2 h5 32. b5 Bd7 33. bxc6 Bxc6 34. Ra6 Qc8 35. Rb6 Rxb6 36. Bxb6 Qa6 37. Bc5 Nxc5 38. dxc5 Rd8 39. Ne2 Ba4 40. Qa2 Qc6 41. Nd4 Bxd4 42. Rxd4 Bb5 43. Qb2 Kf7 44. g4 hxg4 45. hxg4 Qxc5 46. Qc3 Bc6 47. Bxc4 Ke8 48. Qd2 Ke7 1/2-1/2

[Event "Bundesliga 2324"]
[Site "Germany"]
[Date "2023.10.21"]
[Round "1.5"]
[White "Meskovs, Nikita"]
[Black "Vallejo Pons, Francisco"]
[Result "0-1"]
[WhiteElo "2526"]
[BlackElo "2680"]
[PlyCount "226"]
[EventDate "2023.10.21"]
[EventType "team-tourn"]
[EventRounds "15"]
[EventCountry "GER"]
[SourceTitle "Mega2024 Update 01"]
[Source "Chessbase"]
[SourceDate "2023.11.12"]
[SourceVersion "1"]
[SourceVersionDate "2023.11.12"]
[SourceQuality "1"]
[WhiteTeam "Kiel Turm"]
[BlackTeam "Baden-Baden"]
[WhiteTeamCountry "GER"]
[BlackTeamCountry "GER"]

1. d4 d5 2. Nf3 Nd7 3. Bf4 e6 4. e3 Ngf6 5. Nbd2 c5 6. c3 Be7 7. h3 0-0 8. a4 b6 9. Bd3 Bb7 10. Qb1 a6 11. 0-0 h6 12. Bh2 c4 13. Bc2 b5 14. b4 a5 15. bxa5 Rxa5 16. axb5 Qb6 17. Rxa5 Qxa5 18. Qa1 Ra8 19. Qxa5 Rxa5 20. Rb1 Ra2 21. Ne1 Ne8 22. b6 Nd6 23. Kf1 Ra6 24. Bd1 Ra3 25. Ke2 Kf8 26. Rb2 Ke8 27. Nb1 Ra6 28. Nc2 Rxb6 29. Rxb6 Nxb6 30. f3 Nb5 31. Kd2 Kd8 32. Ne1 Bc6 33. Bc2 Be8 34. g4 g5 35. Ng2 f6 36. h4 Kd7 37. Bg3 Bd6 38. Bxd6 Kxd6 39. hxg5 hxg5 40. f4 Bd7 41. fxg5 fxg5 42. Ne1 e5 43. Nf3 e4 44. Nxg5 Bxg4 45. Nxe4+ dxe4 46. Bxe4 Bh5 47. Bc2 Ke7 48. e4 Kf6 49. Ke3 Kg5 50. Nd2 Bg4 51. Nb1 Bh5 52. Nd2 Na3 53. Bb1 Kf6 54. Ba2 Bf7 55. Nf3 Bh5 56. Ne5 Bd1 57. Kd2 Bb3 58. Kc1 Na4 59. Nxc4 Bxc4 60. Bxc4 Nxc4 61. Kc2 Nab6 62. Kb3 Ke6 63. Kb4 Kd6 64. Kb5 Kc7 65. e5 Kd7 66. d5 Kc7 67. Kc5 Kd8 68. Kc6 Nd7 69. e6 Nde5+ 70. Kb7 Ke8 71. Kc7 Ke7 72. Kc8 Kd6 73. Kd8 Ng6 74. Ke8 Ne7 75. Kf7 Nxd5 76. e7 Nxe7 77. Kf6 Kd7 78. Kf7 Nd5 79. Kg6 Ke6 80. Kg5 Ke5 81. Kg6 Nc7 82. Kg5 Ne8 83. Kg6 Ned6 84. Kg5 Nf7+ 85. Kg4 Ke4 86. Kg3 Nfe5 87. Kf2 Kf4 88. Ke2 Kg3 89. Kd1 Nd3 90. Ke2 Nc5 91. Kf1 Kf3 92. Ke1 Nd3+ 93. Kd1 Kf2 94. Kc2 Nc5 95. Kd1 Kf1 96. Kc1 Ke1 97. Kc2 Ke2 98. Kc1 Nb3+ 99. Kc2 Nbd2 100. Kc1 Kd3 101. Kd1 Nf3 102. Kc1 Ne1 103. Kd1 Nc2 104. Kc1 N2e3 105. Kb1 Kd2 106. Ka1 Kc2 107. Ka2 Nd5 108. Ka1 Nf4 109. Ka2 Nd3 110. Ka1 Kb3 111. Kb1 Nd2+ 112. Ka1 Ne1 113. c4 Nc2# 0-1

[Event "ESP-chT CECLUB Honor"]
[Site "Linares"]
[Date "2023.09.21"]
[Round "6.2"]
[White "Praggnanandhaa, Rameshbabu"]
[Black "Vallejo Pons, Francisco"]
[Result "1-0"]
[WhiteElo "2727"]
[BlackElo "2712"]
[PlyCount "111"]
[EventDate "2023.09.16"]
[EventType "team-tourn"]
[EventRounds "7"]
[EventCountry "ESP"]
[SourceTitle "EXT 2024"]
[Source "ChessBase"]
[SourceDate "2023.10.10"]
[SourceVersion "1"]
[SourceVersionDate "2023.10.10"]
[SourceQuality "1"]
[WhiteTeam "Solvay"]
[BlackTeam "Casablanca MyInvestor"]
[WhiteTeamCountry "ESP"]
[BlackTeamCountry "ESP"]

1. d4 e6 2. c4 Bb4+ 3. Bd2 Bxd2+ 4. Qxd2 Nf6 5. Nf3 0-0 6. e3 b6 7. Nc3 d5 8. cxd5 Nxd5 9. Bd3 Bb7 10. Be4 c6 11. 0-0 Nf6 12. Bc2 Na6 13. Rad1 c5 14. e4 cxd4 15. Nxd4 Nc5 16. Qf4 Qe7 17. b4 Na6 18. e5 Nh5 19. Qg4 g6 20. b5 Nc5 21. Nc6 Bxc6 22. bxc6 Rfd8 23. Nb5 Ng7 24. Be4 h5 25. Qe2 a6 26. Nd6 Qc7 27. Rd2 Nf5 28. Bxf5 exf5 29. Qf3 Rac8 30. h3 Ra8 31. Rfd1 Rf8 32. Rd4 Qe7 33. Qg3 Kh7 34. Rh4 Qe6 35. c7 Ra7 36. c8Q Rxc8 37. Nxc8 Qxc8 38. Qe3 Qe8 39. Rhd4 Qe7 40. Rd6 Rb7 41. Qd4 Ne6 42. Qd5 Nf4 43. Qf3 Ne6 44. Rb1 a5 45. Rbxb6 Rxb6 46. Rxb6 Qc5 47. Qe3 Qd5 48. Rb2 f4 49. Qc3 a4 50. a3 Kg7 51. Kh2 Qe4 52. f3 Qd5 53. Rb8 Nd4 54. e6 fxe6 55. Qc7+ Kf6 56. Rf8+ 1-0

[Event "ESP-chT CECLUB Honor"]
[Site "Linares"]
[Date "2023.09.19"]
[Round "4.1"]
[White "Cheparinov, Ivan"]
[Black "Vallejo Pons, Francisco"]
[Result "1/2-1/2"]
[WhiteElo "2654"]
[BlackElo "2712"]
[PlyCount "181"]
[EventDate "2023.09.16"]
[EventType "team-tourn"]
[EventRounds "7"]
[EventCountry "ESP"]
[SourceTitle "EXT 2024"]
[Source "ChessBase"]
[SourceDate "2023.10.10"]
[SourceVersion "1"]
[SourceVersionDate "2023.10.10"]
[SourceQuality "1"]
[WhiteTeam "Extremadura Magic"]
[BlackTeam "Casablanca MyInvestor"]
[WhiteTeamCountry "ESP"]
[BlackTeamCountry "ESP"]

1. e4 e6 2. d4 d5 3. e5 c5 4. c3 Nc6 5. Nf3 f6 6. Bb5 Qb6 7. Bxc6+ Qxc6 8. 0-0 Bd7 9. Re1 Ne7 10. dxc5 Qxc5 11. Nd4 Qb6 12. Qe2 Kf7 13. Nd2 Ng6 14. Qh5 Kg8 15. N2f3 Re8 16. h4 Be7 17. Qg4 fxe5 18. Nxe5 Nxe5 19. Rxe5 Bf6 20. Nf3 h6 21. h5 Rf8 22. Rxd5 exd5 23. Qxd7 Qc6 24. Qg4 g5 25. hxg6 h5 26. Qh3 Qc8 27. Qxc8 Rxc8 28. Be3 a6 29. Rd1 Kg7 30. Rxd5 Rcd8 31. Rc5 Rc8 32. Ra5 Rce8 33. Ra4 Kxg6 34. Rb4 b5 35. a4 Rb8 36. Nh4+ Bxh4 37. Rxh4 Rhc8 38. axb5 axb5 39. Rd4 Rd8 40. Rb4 Rdc8 41. Re4 Re8 42. Rf4 Rf8 43. Rh4 Rfc8 44. Bd4 b4 45. Re4 Rc6 46. Re5 bxc3 47. bxc3 Rf8 48. Kh2 Rf5 49. Re7 Rf7 50. Re8 Rfc7 51. Rg8+ Kh7 52. Rg3 Rg6 53. Rf3 Rg4 54. Rf5 Kg6 55. Rf6+ Kh7 56. Rd6 Rf7 57. Rd5 Kg6 58. Rd6+ Kh7 59. Be3 Rf5 60. Kh3 Rg6 61. Rd8 Rg8 62. Rd1 Rg4 63. Rd3 Re4 64. Rd7+ Kg6 65. Rc7 Rfe5 66. Bd4 Rf5 67. Rc6+ Kf7 68. Be3 Kg7 69. c4 Kf7 70. c5 Re6 71. Rc8 Re8 72. Rxe8 Kxe8 73. Kh4 Kf7 74. c6 Rf6 75. Kxh5 Rxc6 76. g4 Rc3 77. Kg5 Ra3 78. Kh6 Ra4 79. Kh5 Ra3 80. g5 Ra5 81. f4 Rf5 82. Kh6 Rd5 83. Bf2 Rf5 84. Bg3 Rd5 85. Be1 Rf5 86. Bd2 Rd5 87. Bc3 Rd3 88. g6+ Ke6 89. g7 Kf7 90. Be5 Rh3+ 91. Kg5 1/2-1/2

[Event "ESP-chT CECLUB Honor"]
[Site "Linares"]
[Date "2023.09.18"]
[Round "3.4"]
[White "Van Foreest, Jorden"]
[Black "Vallejo Pons, Francisco"]
[Result "1-0"]
[WhiteElo "2699"]
[BlackElo "2712"]
[PlyCount "114"]
[EventDate "2023.09.16"]
[EventType "team-tourn"]
[EventRounds "7"]
[EventCountry "ESP"]
[SourceTitle "EXT 2024"]
[Source "ChessBase"]
[SourceDate "2023.10.10"]
[SourceVersion "1"]
[SourceVersionDate "2023.10.10"]
[SourceQuality "1"]
[WhiteTeam "Andreu Paterna"]
[BlackTeam "Casablanca MyInvestor"]
[WhiteTeamCountry "ESP"]
[BlackTeamCountry "ESP"]

1. e4 c5 2. Nf3 e6 3. d4 cxd4 4. Nxd4 Nf6 5. Nc3 Nc6 6. Bf4 Bb4 7. Ndb5 Nxe4 8. Qf3 d5 9. Nc7+ Kf8 10. Nxa8 e5 11. Bd2 Nd4 12. Qd3 Nc5 13. Qg3 Nxc2+ 14. Kd1 Nxa1 15. Qxe5 Ne4 16. Be1 h5 17. Qc7 Ba5 18. Qxd8+ Bxd8 19. Nxd5 Rh6 20. Bd3 Nc5 21. Bb4 b6 22. Nac7 Rd6 23. Ke2 Bb7 24. Rxa1 Bxd5 25. Nxd5 Rxd5 26. Bc4 Re5+ 27. Kf1 Re4 28. Rc1 Bg5 29. Rc2 a5 30. Be1 f5 31. a3 a4 32. f3 Rd4 33. Ke2 Rd7 34. Bb4 h4 35. Bb5 Re7+ 36. Kd1 Be3 37. Rc4 h3 38. gxh3 Kf7 39. Bc3 Ra7 40. Rh4 Ra8 41. Ke2 Bg5 42. Rb4 Rh8 43. Bc4+ Ke8 44. Rxb6 Rxh3 45. Be5 Bf6 46. Bg3 Be7 47. Kf1 g5 48. Kg2 Rh5 49. Rb8+ Kd7 50. Bf7 Rh7 51. Bg6 Rg7 52. Bxf5+ Kc6 53. Be5 Rf7 54. Bg6 Rf8 55. Rxf8 Bxf8 56. Bf6 Ne6 57. Be8+ Kd5 1-0

[Event "ESP-chT CECLUB Honor"]
[Site "Linares"]
[Date "2023.09.16"]
[Round "1.3"]
[White "Bacrot, Etienne"]
[Black "Vallejo Pons, Francisco"]
[Result "1-0"]
[WhiteElo "2660"]
[BlackElo "2712"]
[PlyCount "93"]
[EventDate "2023.09.16"]
[EventType "team-tourn"]
[EventRounds "7"]
[EventCountry "ESP"]
[SourceTitle "EXT 2024"]
[Source "ChessBase"]
[SourceDate "2023.10.10"]
[SourceVersion "1"]
[SourceVersionDate "2023.10.10"]
[SourceQuality "1"]
[WhiteTeam "Taldea Gros Xake"]
[BlackTeam "Casablanca MyInvestor"]
[WhiteTeamCountry "ESP"]
[BlackTeamCountry "ESP"]

1. e4 c6 2. d4 d5 3. e5 c5 4. Nf3 cxd4 5. Nxd4 Nc6 6. Nxc6 bxc6 7. Bd3 e6 8. 0-0 Ne7 9. Nd2 a5 10. Nf3 Ng6 11. Re1 Ba6 12. Bxg6 hxg6 13. Bg5 Qb6 14. Rb1 Rh5 15. Qd2 c5 16. a3 d4 17. Qf4 Bb7 18. Nd2 Qc7 19. Ne4 Ra6 20. c3 Bxe4 21. Rxe4 f6 22. exf6 Qxf4 23. Bxf4 gxf6 24. cxd4 cxd4 25. Rxd4 Rb5 26. a4 Rb3 27. Rc4 Rab6 28. Rbc1 e5 29. Rc8+ Kf7 30. R1c7+ Ke6 31. Be3 Rb8 32. Rc6+ Kf5 33. Rxb8 Rxb8 34. g4+ Kxg4 35. Rxf6 Be7 36. Rf7 Bh4 37. Kg2 g5 38. h3+ Kh5 39. Rf5 Re8 40. Rf6 e4 41. Rf5 Rc8 42. Rc5 Rb8 43. Rb5 Rc8 44. Rxa5 Rc2 45. b3 Bxf2 46. Rxg5+ Kh6 47. Rc5+ 1-0

[Event "FIDE World Cup"]
[Site "Baku"]
[Date "2023.08.03"]
[Round "2.2"]
[White "Vallejo Pons, Francisco"]
[Black "Ivic, Velimir"]
[Result "1-0"]
[WhiteElo "2706"]
[BlackElo "2590"]
[PlyCount "135"]
[EventDate "2023.07.30"]
[EventType "k.o."]
[EventRounds "8"]
[EventCountry "AZE"]
[SourceTitle "EXT 2024"]
[Source "ChessBase"]
[SourceDate "2023.10.10"]
[SourceVersion "1"]
[SourceVersionDate "2023.10.10"]
[SourceQuality "1"]

1. d4 Nf6 2. Nf3 g6 3. c4 Bg7 4. g3 0-0 5. Bg2 d6 6. 0-0 Nc6 7. Nc3 a6 8. e4 Bg4 9. Be3 e5 10. d5 Nd4 11. Bxd4 exd4 12. Qxd4 Nd7 13. Qe3 a5 14. Nd2 Nc5 15. Nb3 b6 16. h3 Bd7 17. Nd4 Re8 18. Qd2 Re7 19. Rfe1 Qf8 20. Re2 Rae8 21. Rae1 h5 22. h4 Bf6 23. f4 Qg7 24. Ncb5 a4 25. Kh2 Rc8 26. Kh1 a3 27. bxa3 Kh7 28. Nc6 Bxc6 29. dxc6 Qh8 30. Bf3 Qe8 31. Kg2 Bg7 32. Qc2 Kg8 33. Qd1 Rd8 34. Qd5 Ra8 35. Qd1 Rd8 36. Qd5 Kh8 37. Qd1 Na6 38. Qd5 Ra8 39. Qd3 Qc8 40. Qc2 Qf8 41. Qd1 Nc5 42. Qc2 Rae8 43. Kh2 Bf6 44. Kg2 Ne6 45. Qd2 Kh7 46. a4 Qh8 47. a5 bxa5 48. e5 dxe5 49. fxe5 Bg7 50. Qxa5 Ra8 51. Qb4 Qe8 52. a4 Ra6 53. a5 g5 54. hxg5 Nxg5 55. Qb1+ Kg8 56. Bd5 Rxc6 57. Qf5 Bh6 58. Nd4 Rce6 59. Nxe6 fxe6 60. Qf6 exd5 61. Qxh6 Rg7 62. Rh1 d4 63. Rxh5 Qa8+ 64. Kg1 Nf7 65. Qf4 d3 66. Rf2 Qxa5 67. Kh2 Qe1 68. Qf5 1-0